Boys will be boys /

সংরক্ষণ করুন:
গ্রন্থ-পঞ্জীর বিবরন
প্রধান লেখক: Phillips, Joe
বিন্যাস: গ্রন্থ
ভাষা:ইংরেজি
প্রকাশিত: Berlin Bruno Gmünder c2003
ট্যাগগুলো: ট্যাগ যুক্ত করুন
কোনো ট্যাগ নেই, প্রথমজন হিসাবে ট্যাগ করুন!

MARC

LEADER 00000nam a2200000 4500
001 CDOM0000001187
003 mi
005 20251012214026.0
008 251012b |||||||| |||| 00| 0 eng d
020 |a 3861872838 
040 |c mi 
100 |a Phillips, Joe 
245 1 |a Boys will be boys /  |c Joe Phillips 
260 |a Berlin  |b Bruno Gmünder  |c c2003 
300 |a [64] p.  |b per la maggior parte ill. (col.)  |c 24 cm. 
942 |2 ddc  |c BK 
952 |0 0  |1 0  |2 ddc  |4 0  |6 B_AGF01PHIJOBOY11  |7 0  |9 8224  |a MI  |b MI  |d 2005-08-25  |i 4719  |l 0  |o B-AGF01-PHIJO-BOY11  |p CDOM4719  |r 2025-07-17 21:50:00  |w 2025-07-17  |x ACQUISTO  |y BK 
999 |c 6884  |d 6884